| 000 | 00458nam a2200181 i 4500 | ||
|---|---|---|---|
| 001 | bg | ||
| 100 | 1 | _aGEGUZIN, Ja. E. | |
| 245 | 0 |
_aOcerki o diffuzii v kristallach / _cJa. E. Geguzin. |
|
| 250 | _aIzd.2, dopoln. | ||
| 260 |
_aMoskva : _bIzdat. "Nauka", _c1974. |
||
| 300 |
_as. 252, nlb. 2 : _brys., ilustr. |
||
| 500 | _a[Alf. ros.]. | ||
| 040 | _cBPK | ||
| 041 | _apol | ||
| 080 | _a548 | ||
| 942 | _cKS | ||
| 008 | s pl f |000 0 pol | ||
| 999 |
_c26742 _d26742 |
||
| 856 |
_uhttp://koha.tu.koszalin.pl/cgi-bin/koha/opac-detail.pl?biblionumber=26742 _yKatalog online BPK |
||